Nasepte / (Record no. 4306)

MARC details
000 -LEADER
fixed length control field 00462nam a22001697a 4500
003 - CONTROL NUMBER IDENTIFIER
control field GBCCL
005 - DATE AND TIME OF LATEST TRANSACTION
control field 20241126110515.0
008 - FIXED-LENGTH DATA ELEMENTS--GENERAL INFORMATION
fixed length control field 180118b xxu||||| |||| 00| 0 eng d
040 ## - CATALOGING SOURCE
Transcribing agency gbc
082 ## - DEWEY DECIMAL CLASSIFICATION NUMBER
Classification number VER 226.607
Item number KHA
100 ## - MAIN ENTRY--PERSONAL NAME
Personal name Khamkam, G.
9 (RLIN) 7297
245 ## - TITLE STATEMENT
Title Nasepte /
Statement of responsibility, etc. G. Khamkam
260 ## - PUBLICATION, DISTRIBUTION, ETC.
Place of publication, distribution, etc. Churachandpur:
Name of publisher, distributor, etc. Evangelical Convention Church,
Date of publication, distribution, etc. 1982
300 ## - PHYSICAL DESCRIPTION
Extent 228 p.;
Dimensions 18 cm.
650 ## - SUBJECT ADDED ENTRY--TOPICAL TERM
Topical term or geographic name entry element Bible
Form subdivision New Testament
-- Acts
General subdivision Study
9 (RLIN) 8125
942 ## - ADDED ENTRY ELEMENTS (KOHA)
Source of classification or shelving scheme Dewey Decimal Classification
Koha item type Books
Koha issues (borrowed), all copies 1
Holdings
Withdrawn status Lost status Source of classification or shelving scheme Damaged status Not for loan Collection Home library Current Library Shelving location Date acquired Total checkouts Full call number Barcode Date last seen Date last checked out Copy number Price effective from Koha item type
    Dewey Decimal Classification       GRACE BIBLE COLLEGE GRACE BIBLE COLLEGE Vernacular 2018-01-18 1 VER 226.607 KHA 000687 2025-05-01 2018-04-26 c.1 2018-01-18 Books
© Grace Bible College Library 2025